<?xml version="1.0" encoding="UTF-8"?>
<record
    xmlns:xsi="http://www.w3.org/2001/XMLSchema-instance"
    xsi:schemaLocation="http://www.loc.gov/MARC21/slim http://www.loc.gov/standards/marcxml/schema/MARC21slim.xsd"
    xmlns="http://www.loc.gov/MARC21/slim">

  <leader>01148nmm a22003375u 4500</leader>
  <datafield tag="999" ind1=" " ind2=" ">
    <subfield code="c">24902</subfield>
    <subfield code="d">24902</subfield>
  </datafield>
  <controlfield tag="005">20201028185745.0</controlfield>
  <controlfield tag="008">100509s2006    gw         j        eng d</controlfield>
  <datafield tag="020" ind1=" " ind2=" ">
    <subfield code="a">9783540377214</subfield>
  </datafield>
  <datafield tag="050" ind1="0" ind2="4">
    <subfield code="a">KJE4444.95</subfield>
    <subfield code="b">D36 2006</subfield>
  </datafield>
  <datafield tag="100" ind1="1" ind2=" ">
    <subfield code="a">Dann, Philipp.</subfield>
  </datafield>
  <datafield tag="245" ind1="1" ind2="4">
    <subfield code="a">The Unity of the European Constitution</subfield>
    <subfield code="h">[electronic resource] /</subfield>
    <subfield code="c">edited by Philipp Dann, Micha&#x142; Rynkowski.</subfield>
  </datafield>
  <datafield tag="250" ind1=" " ind2=" ">
    <subfield code="a">1a ed.</subfield>
  </datafield>
  <datafield tag="260" ind1=" " ind2=" ">
    <subfield code="a">Berlin, Heidelberg :</subfield>
    <subfield code="b">Springer-Verlag Berlin Heidelberg,</subfield>
    <subfield code="c">2006.</subfield>
  </datafield>
  <datafield tag="300" ind1=" " ind2=" ">
    <subfield code="b">v.: digital</subfield>
  </datafield>
  <datafield tag="490" ind1=" " ind2="0">
    <subfield code="a">Beitr&#xE4;ge zum ausl&#xE4;ndischen &#xF6;ffentlichen Recht und V&#xF6;lkerrecht,</subfield>
    <subfield code="v">186</subfield>
    <subfield code="x">0172-4770 ;</subfield>
  </datafield>
  <datafield tag="650" ind1=" " ind2="0">
    <subfield code="a">Derecho constitucional</subfield>
    <subfield code="v">Congresos</subfield>
    <subfield code="x">Pa&#xED;ses de la Uni&#xF3;n Europea</subfield>
  </datafield>
  <datafield tag="700" ind1="1" ind2=" ">
    <subfield code="a">Rynkowski, Micha&#x142;.</subfield>
  </datafield>
  <datafield tag="710" ind1="2" ind2=" ">
    <subfield code="a">SpringerLink (Online service)</subfield>
  </datafield>
  <datafield tag="773" ind1="0" ind2=" ">
    <subfield code="t">Springer eBooks</subfield>
  </datafield>
  <datafield tag="856" ind1="4" ind2="0">
    <subfield code="u">http://dx.doi.org/10.1007/978-3-540-37721-4</subfield>
  </datafield>
  <datafield tag="942" ind1=" " ind2=" ">
    <subfield code="2">lcc</subfield>
    <subfield code="c">LIE</subfield>
  </datafield>
  <datafield tag="952" ind1=" " ind2=" ">
    <subfield code="1">0</subfield>
    <subfield code="2">lcc</subfield>
    <subfield code="4">0</subfield>
    <subfield code="7">0</subfield>
    <subfield code="a">DIGITAL</subfield>
    <subfield code="b">DIGITAL</subfield>
    <subfield code="c">COLDIG</subfield>
    <subfield code="d">2020-10-28</subfield>
    <subfield code="k">CSA</subfield>
    <subfield code="o">KJE4444.95 D36 2006</subfield>
    <subfield code="p">BDIG00008941</subfield>
    <subfield code="r">2020-10-28 00:00:00</subfield>
    <subfield code="t">1</subfield>
    <subfield code="u">http://dx.doi.org/10.1007/978-3-540-37721-4</subfield>
    <subfield code="v">1.00</subfield>
    <subfield code="y">LIE</subfield>
    <subfield code="z">SpringerLink</subfield>
  </datafield>
</record>
